MARC

LEADER 00000nam0a2200000 4500
001 18471
005 20231030191308.0
010 |a 5239013241 
035 |a (RuTPU)RU\TPU\book\18621 
035 |a BOOK00018690 
090 |a 18471 
100 |a 20011209d1991 m y0rusy50 ca 
101 1 |a rus  |c eng 
102 |a RU 
105 |a y z 000zb 
200 1 |a Исповедь мафиози  |e История Джозефа Валачи, рассказанная им самим  |e пер. с англ.  |f П. Маас 
210 |a Москва  |c Московский рабочий  |d 1991 
215 |a 268 с. 
600 1 |a Валачи  |b Дж.  |c Бруклинский гангстер  |f 1904-?  |g Джозеф  |c первый член мафии, который стал работать с судом  |2 stltpush  |3 (RuTPU)RU\TPU\pers\13875 
610 1 |a политика 
610 1 |a США 
610 1 |a преступность 
610 1 |a преступные организации 
610 1 |a мафия 
686 |a Ф3(7США)  |v LBC/SL-A  |2 rubbk 
700 1 |a Маас  |b П.  |g Питер 
801 0 |a RU  |b 63413507  |c 20011209  |g PSBO 
801 2 |a RU  |b 63413507  |c 20080411  |g PSBO 
942 |c BK